Score 0/7 Timer 03:00
0 Plays Today
Question Answer Wrong Answers
News first breaks of US President Bill Clinton's affair with this woman.
1997
Monica Lewinsky
96%
Linda Tripp
1%
Nancy Pelosi
1%
Stephanie Clifford
0.4%
Bobby Fischer, undisputed World ______ Champion from 1972-75, dies in Reykjavík at age 64.
2008
Chess
94.3%
Tennis
2.2%
Scrabble
1%
Billiards
0.8%
Pope Gregory XI moves the Papacy from Avignon back to _______.
1377
Rome
93.7%
Venice
2.3%
Florence
2.5%
Naples
1.4%
At the 67th Golden Globes ceremony, ______ wins the Best Actress award for her role in The Blind Side.
2010
Sandra Bullock
85.9%
Julia Roberts
4.8%
Halle Berry
4.7%
Carey Mulligan
2.8%
_______, publisher of Poor Richard's Almanack whose likeness is featured on the $100 bill, is born in Boston.
1706
Benjamin Franklin
84.8%
Thomas Jefferson
5.7%
Ulysses Grant
3.3%
Alexander Hamilton
5.9%
President Ferdinand Marcos puts an end to 8 years of martial law in this nation.
1981
Philippines
78.2%
Spain
10.6%
Malaysia
2.2%
Chile
7.7%
Captain James Cook's Resolution becomes the first ship to cross this line, 66°33′ south of the Equator.
1773
Antarctic Circle
32.1%
Tropic of Capricorn
34.8%
Arctic Circle
5.8%
Tropic of Cancer
26.3%
Remove Ads.
Support Sporcle.
Get the best of Sporcle when you Go Orange. This ad-free experience offers more features, more stats, and more fun while also helping to support Sporcle. Thank you for becoming a member.

You're not logged in!

Compare scores with friends on all Sporcle quizzes.
OR
Log In

Show Comments

Extras

Top Quizzes Today


Score Distribution

Your Account Isn't Verified!

In order to create a playlist on Sporcle, you need to verify the email address you used during registration. Go to your Sporcle Settings to finish the process.

Report this User

Report this user for behavior that violates our Community Guidelines.

Details: